000
00235nam a2200085Ia 4500
245
0
_a
Exploration in the Renaissance
100
_a
ELLIOTT, Lynne New York, 2009
_9
78413
942
_c
BK
008
210817s9999 xx 000 0 und d
999
_c
270919
_d
270918